000
00223 a2200097 4500
001
13642
100
_a
Loewenheim F L
245
_a
Roosevelt & Church
260
_a
New York
_b
Saturday Review Press
_c
090
_c
10636
_d
10636
942
_a
NUST-CAE
_c
M
_c
710
999
_c
248715
_d
248715